Language in use Upper - intermediate (0 521 55550 7)
Shranjeno v:
| Glavni avtor: | |
|---|---|
| Format: | Knjiga |
| Jezik: | Undetermined |
| Izdano: |
Cambridge
1997
|
| Oznake: |
Označite
Brez oznak, prvi označite!
|
| Thư viện lưu trữ: | Trung tâm Học liệu Trường Đại học Cần Thơ |
|---|
| LEADER | 00420nam a2200145Ia 4500 | ||
|---|---|---|---|
| 001 | CTU_49179 | ||
| 008 | 210402s9999 xx 000 0 und d | ||
| 082 | |a 428.24 | ||
| 082 | |b D654u | ||
| 100 | |a ADRIAN DOFF | ||
| 245 | 0 | |a Language in use Upper - intermediate (0 521 55550 7) | |
| 245 | 0 | |c ADRIAN DOFF, Christopher Jones | |
| 260 | |b Cambridge | ||
| 260 | |c 1997 | ||
| 980 | |a Trung tâm Học liệu Trường Đại học Cần Thơ | ||